Cricketers by Image 2 - Statistics

General Stats
  • This quiz has been taken 70 times
  • The average score is 12 of 16
Answer Stats
Picture Answer % Correct
Ravichandran Ashwin
100%
Shikhar Dhawan
95%
Mitchell Starc
91%
Sunil Narine
91%
Glenn Maxwell
89%
Mohammed Siraj
89%
Trent Boult
89%
AB de Villiers
83%
Shakib Al Hasan
80%
Andre Russell
78%
Jacques Kallis
66%
Yusuf Pathan
65%
Manish Pandey
63%
Musatfizur Rahman
48%
Thisara Perera
46%
Imad Wasim
28%
No matching quizzes found
Score Distribution
Percent of People with Each Score
Percentile by Number Answered
Your Score History
You have not taken this quiz